000 00608nam a22002417a 4500
003 UA-OsUOA
001 98776
007 ta
008 20130417b un ||||| |||| 00| 0 ukr d
100 _aКашуба М. В.
090 _a140.8
_bК31
942 _cBK
040 _aUA-OsUOA
_bukr
_cUA-OsUOA
_dUA-OsUOA
245 _aГеоргій Кониський
300 _a228 с.
955 _a3
041 _aukr
080 _a140.8
020 _a966-7276-20-1
260 _aК.
_bУкр. Центр дух. культ.
_c1999
650 7 _a1 Філософські науки
_2UDC
999 _c384843
_d384843